000 00903nam a22002177a 4500
999 _c5919
_d5919
003 AR-CdUCM
008 190313b ||||| |||| 00| 0 spa d
040 _aMUNICIPALIDAD PROVINCIAL DEL CUSCO
_cBIBLIOTECA MUNICIPAL DEL CUSCO
082 _a980.52 /
_bL81
100 _aLoayza Guerra, Héctor Isaías
_917422
245 _aLa autonomía de las nacionalidades en el Perú :
_bsugerencia para la autonomía de las nacionalidades en el Perú /
260 _aArequipa :
_bSalazar compañía,
_c1940.
300 _a100 páginas ;
_c21.5 cm.
500 _aDonación familia Nieto
505 _aContenido: Cruce de razas -- El total aniquilamiento de la raza indigena -- La educación -- La religión -- La política -- La legislación tutelar del indio -- La economía.
650 _aNación
_917423
650 _aProblema indigena
_91235
650 _aRazas
_96935
942 _2ddc
_cLIBROS
945 _aafb